[Event "SLO-chT1 East 29th"]
[Site "Slovenia"]
[Date "2019.10.20"]
[Round "9.2"]
[White "Nikolic, Stanko"]
[Black "Petauer, Eva"]
[Result "1/2-1/2"]
[WhiteElo "1833"]
[BlackElo "1864"]
[PlyCount "82"]
[EventDate "2019.09.06"]
[EventType "team-tourn"]
[EventRounds "9"]
[EventCountry "SLO"]
[SourceTitle "CBM 192 Extra"]
[Source "Chessbase"]
[SourceDate "2019.11.06"]
[SourceVersion "1"]
[SourceVersionDate "2019.11.06"]
[SourceQuality "1"]
[WhiteTeam "Sentjur"]
[BlackTeam "Celjski"]
[WhiteTeamCountry "SLO"]
[BlackTeamCountry "SLO"]

1. e4 e5 2. Nf3 Nc6 3. Bb5 Bc5 4. c3 f5 5. d3 d6 6. 0-0 fxe4 7. dxe4 Nf6 8. Bg5 0-0 9. b4 Bb6 10. a4 a5 11. Bc4+ Kh8 12. b5 Nb8 13. h3 h6 14. Bxf6 Qxf6 15. Nbd2 Nd7 16. Bd5 Qe7 17. Nc4 Bc5 18. Qe2 Nf6 19. Ne3 Nh5 20. Kh2 Qf6 21. Ng1 Nf4 22. Qd2 Qg6 23. g4 Nxd5 24. exd5 Bd7 25. Rae1 Rf4 26. Qd1 Raf8 27. f3 Qg5 28. Ng2 R4f7 29. Qd3 c6 30. h4 Qd8 31. dxc6 bxc6 32. c4 Qb6 33. Nh3 Bb4 34. Rd1 Be6 35. g5 d5 36. gxh6 gxh6 37. Qg6 Rf6 38. Qh5 Bxh3 39. Kxh3 e4 40. fxe4 Rxf1 41. Qxh6+ Kg8 1/2-1/2

[Event "SLO-chT1 East"]
[Site "Slovenia"]
[Date "2017.10.01"]
[Round "3"]
[White "Nikolic, Stanko"]
[Black "Tisaj, Domen"]
[Result "0-1"]
[WhiteElo "1842"]
[BlackElo "2003"]
[PlyCount "54"]
[EventDate "2017.09.29"]
[EventType "team-tourn"]
[EventRounds "9"]
[EventCountry "SLO"]
[SourceTitle "EXT 2019"]
[Source "ChessBase"]
[SourceDate "2018.10.10"]
[SourceVersion "1"]
[SourceVersionDate "2018.10.10"]
[SourceQuality "1"]
[WhiteTeam "Sentjur"]
[BlackTeam "Zalec"]
[WhiteTeamCountry "SLO"]
[BlackTeamCountry "SLO"]

1. e4 c5 2. Nf3 Nc6 3. d4 cxd4 4. Nxd4 e5 5. Nb3 Nf6 6. Nc3 Bb4 7. Bd3 d5 8. exd5 Nxd5 9. Bd2 Nxc3 10. bxc3 Be7 11. 0-0 0-0 12. Qe2 f5 13. Bc4+ Kh8 14. Rfd1 Qc7 15. Bd5 Bf6 16. Rab1 Ne7 17. c4 Nxd5 18. cxd5 Qxc2 19. Qb5 f4 20. Bb4 Rd8 21. Rbc1 Qg6 22. Kh1 b6 23. Rc7 Bf5 24. Be7 Bxe7 25. Rxe7 Qd6 26. Rb7 Bc8 27. Rf7 Kg8 0-1

[Event "SLO-chT1 East"]
[Site "Slovenia"]
[Date "2016.11.27"]
[Round "9"]
[White "Glavac, Igor"]
[Black "Nikolic, Stanko"]
[Result "1-0"]
[WhiteElo "1862"]
[BlackElo "1841"]
[PlyCount "77"]
[EventDate "2016.09.23"]
[EventType "team-tourn"]
[EventRounds "9"]
[EventCountry "SLO"]
[SourceTitle "EXT 2019"]
[Source "ChessBase"]
[SourceDate "2018.10.10"]
[SourceVersion "1"]
[SourceVersionDate "2018.10.10"]
[SourceQuality "1"]
[WhiteTeam "Sevnica Majcen"]
[BlackTeam "Sentjur"]
[WhiteTeamCountry "SLO"]
[BlackTeamCountry "SLO"]

1. d4 d5 2. c4 e6 3. Nf3 Nf6 4. g3 Nbd7 5. Bg2 c6 6. 0-0 dxc4 7. Nc3 Bd6 8. Nd2 Nb6 9. Na4 Bc7 10. e3 Nfd7 11. Nxb6 Nxb6 12. Qc2 0-0 13. Nxc4 Nxc4 14. Qxc4 Bd7 15. b3 Re8 16. Bb2 Rb8 17. Rac1 Qe7 18. Rfd1 Rec8 19. Qc3 f6 20. Rc2 Be8 21. Rcd2 Bd6 22. Rc2 c5 23. Qd2 b6 24. Bh3 Rd8 25. Qe2 Kh8 26. Qc4 Bf7 27. Qe2 Bg6 28. Rcc1 e5 29. dxe5 Bxe5 30. Bxe5 Qxe5 31. Rd2 h6 32. Rcd1 Rxd2 33. Rxd2 Bh5 34. Bg4 Be8 35. Bf3 Qe7 36. Qd1 g6 37. Rd6 h5 38. Rd2 Rc8 39. h3 1-0

[Event "SLO-chT1 East"]
[Site "Slovenia"]
[Date "2016.11.11"]
[Round "4"]
[White "Nikolic, Stanko"]
[Black "Pukl, Daniel"]
[Result "1-0"]
[WhiteElo "1841"]
[BlackElo "2019"]
[PlyCount "81"]
[EventDate "2016.09.23"]
[EventType "team-tourn"]
[EventRounds "9"]
[EventCountry "SLO"]
[SourceTitle "EXT 2019"]
[Source "ChessBase"]
[SourceDate "2018.10.10"]
[SourceVersion "1"]
[SourceVersionDate "2018.10.10"]
[SourceQuality "1"]
[WhiteTeam "Sentjur"]
[BlackTeam "Lendava Rokada"]
[WhiteTeamCountry "SLO"]
[BlackTeamCountry "SLO"]

1. g3 d5 2. Bg2 Nf6 3. Nf3 c5 4. c4 e6 5. 0-0 Nc6 6. cxd5 exd5 7. d4 Be6 8. Nc3 Be7 9. e3 0-0 10. a3 Ne4 11. Qe2 Bf6 12. Rd1 Nxc3 13. bxc3 Bf5 14. Qb5 a6 15. Qxb7 Na5 16. Qb2 Rb8 17. Qe2 Re8 18. Qxa6 Nb3 19. Ra2 c4 20. Ne5 Rb6 21. Qa4 Bxe5 22. dxe5 Bd7 23. Qa7 Bc6 24. Bxd5 Re7 25. Bxf7+ Kxf7 26. Rxd8 Rxa7 27. Bd2 Bf3 28. Be1 Ke7 29. Rc8 Rd7 30. a4 Rd1 31. Kf1 Nd2+ 32. Rxd2 Rxd2 33. Bxd2 Rb1+ 34. Be1 Be4 35. f4 Bd3+ 36. Kf2 Ke6 37. g4 Kd5 38. Rd8+ Ke6 39. Rd6+ Ke7 40. f5 Rb2+ 41. Kg3 1-0

[Event "Ptuj op"]
[Site "Ptuj"]
[Date "2015.08.06"]
[Round "4"]
[White "Leonardi, Caterina"]
[Black "Nikolic, Stanko"]
[Result "1/2-1/2"]
[WhiteElo "2079"]
[BlackElo "1914"]
[PlyCount "128"]
[EventDate "2015.08.03"]
[EventType "swiss"]
[EventRounds "9"]
[EventCountry "SLO"]
[SourceTitle "CBM 167 Extra"]
[Source "ChessBase"]
[SourceDate "2015.09.14"]
[SourceVersion "1"]
[SourceVersionDate "2015.09.14"]
[SourceQuality "1"]

1. d4 d5 2. c4 e6 3. Nf3 Nf6 4. g3 Nbd7 5. Bg2 c6 6. 0-0 Bd6 7. Qc2 0-0 8. Nc3 Re8 9. Rd1 Qe7 10. Bg5 h6 11. Bxf6 Nxf6 12. Nd2 Bd7 13. e4 dxe4 14. Ndxe4 Rac8 15. Nxf6+ Qxf6 16. Ne4 Qe7 17. Qb3 b6 18. c5 Bc7 19. Rac1 b5 20. a4 a6 21. axb5 axb5 22. Ra1 Ra8 23. Ra3 Qf8 24. Rda1 Reb8 25. Ra7 Qc8 26. Qa3 Rxa7 27. Qxa7 e5 28. d5 cxd5 29. Nc3 d4 30. Nd5 Bd8 31. b4 Be6 32. c6 Bxd5 33. Bxd5 Qc7 34. Qxc7 Bxc7 35. Ra7 Rc8 36. Kf1 Kf8 37. Bf3 g6 38. h4 f5 39. h5 gxh5 40. Bxh5 Ke7 41. g4 Kd6 42. gxf5 Rf8 43. Bf3 Rxf5 44. Be4 Rf8 45. Ra3 Rf4 46. f3 Rf8 47. Ra2 Bd8 48. Ra8 Be7 49. Ra7 Rd8 50. Rb7 Ke6 51. Rxb5 Bd6 52. Bd5+ Kf6 53. Rb7 e4 54. fxe4 Ke5 55. b5 Rb8 56. Rf7 d3 57. c7 Bxc7 58. Rxc7 Rxb5 59. Rc1 Rb2 60. Ra1 Kd4 61. Ra4+ Ke3 62. Ra3 Kd4 63. Ra4+ Ke3 64. Ra3 Kd4 1/2-1/2

[Event "Kozje op 1st"]
[Site "Kozje"]
[Date "2014.08.29"]
[Round "4"]
[White "Nikolic, Stanko"]
[Black "Brigljevic, Milan"]
[Result "0-1"]
[WhiteElo "1883"]
[BlackElo "2197"]
[PlyCount "88"]
[EventDate "2014.08.28"]
[EventType "swiss"]
[EventRounds "9"]
[EventCountry "SLO"]
[SourceTitle "EXT 2019"]
[Source "ChessBase"]
[SourceDate "2018.10.10"]
[SourceVersion "1"]
[SourceVersionDate "2018.10.10"]
[SourceQuality "1"]

1. e4 e6 2. d4 d5 3. Nd2 Nc6 4. c3 e5 5. exd5 Qxd5 6. dxe5 Nxe5 7. Qe2 Qe6 8. Ne4 Be7 9. Bf4 f5 10. Bxe5 Qxe5 11. Ng3 Qxe2+ 12. Bxe2 g6 13. Nf3 Be6 14. Nd4 Bd5 15. Bf3 Bxf3 16. Nxf3 0-0-0 17. 0-0 Nh6 18. Rfe1 Rhe8 19. h3 Bf6 20. Rad1 Nf7 21. Rxe8 Rxe8 22. Kf1 Nd6 23. Ne2 Rd8 24. b3 c6 25. c4 Ne4 26. Rxd8+ Kxd8 27. Ke1 Ke7 28. Nd2 Nc5 29. f3 a5 30. Kd1 Nd3 31. Nf1 Bg5 32. Nd4 Kd6 33. a4 h5 34. Nd2 h4 35. Ke2 Nf4+ 36. Kf1 Nxh3 37. Nb1 Nf4 38. Na3 Bf6 39. Ne2 Nd3 40. Nc2 Nc5 41. Ned4 Bxd4 42. Nxd4 Ke5 43. Nc2 Nxb3 44. Ke2 Nd4+ 0-1

[Event "Ptuj op"]
[Site "Ptuj"]
[Date "2014.08.22"]
[Round "9"]
[White "Skuhala, Luka"]
[Black "Nikolic, Stanko"]
[Result "1-0"]
[WhiteElo "1915"]
[BlackElo "1883"]
[PlyCount "51"]
[EventDate "2014.08.15"]
[EventType "swiss"]
[EventRounds "9"]
[EventCountry "SLO"]
[SourceTitle "CBM 161 Extra"]
[Source "ChessBase"]
[SourceDate "2014.08.29"]
[SourceVersion "1"]
[SourceVersionDate "2014.08.29"]
[SourceQuality "1"]

1. e4 c5 2. Nf3 Nc6 3. Nc3 d6 4. d4 cxd4 5. Nxd4 Nf6 6. Bg5 e6 7. Qd2 Be7 8. f3 a6 9. h4 h6 10. Be3 Qc7 11. g4 Nxd4 12. Bxd4 e5 13. Be3 Be6 14. Nd5 Bxd5 15. exd5 0-0-0 16. a4 Kb8 17. a5 Rc8 18. c3 Nd7 19. Bd3 Nc5 20. Bc2 Qd8 21. Bf2 g6 22. b4 Nd7 23. Qe3 Rf8 24. Qa7+ Kc7 25. Bb6+ Nxb6 26. axb6+ 1-0

[Event "Ptuj op"]
[Site "Ptuj"]
[Date "2014.08.21"]
[Round "8"]
[White "Nikolic, Stanko"]
[Black "Mazi, Leon"]
[Result "0-1"]
[WhiteElo "1883"]
[BlackElo "2361"]
[PlyCount "104"]
[EventDate "2014.08.15"]
[EventType "swiss"]
[EventRounds "9"]
[EventCountry "SLO"]
[SourceTitle "CBM 161 Extra"]
[Source "ChessBase"]
[SourceDate "2014.08.29"]
[SourceVersion "1"]
[SourceVersionDate "2014.08.29"]
[SourceQuality "1"]

1. e4 c5 2. Nf3 Nc6 3. d4 cxd4 4. Nxd4 Qb6 5. Nb3 Nf6 6. Nc3 e6 7. Be3 Qc7 8. a3 a6 9. Bd3 b5 10. 0-0 Be7 11. f4 d6 12. f5 Ne5 13. h3 exf5 14. exf5 Bb7 15. Qe2 0-0 16. Rad1 Rfe8 17. Qf2 Rac8 18. Bb6 Qb8 19. Rfe1 Nc4 20. Bxc4 bxc4 21. Nd2 Ba8 22. Rb1 Nd7 23. Bd4 Ne5 24. Nce4 f6 25. g4 Qb7 26. Kh2 d5 27. Ng3 Bd6 28. Kg2 Nc6 29. Nf3 Qd7 30. Nh5 Nxd4 31. Nxd4 Be5 32. c3 Qd6 33. Rbd1 Rb8 34. Rd2 Re7 35. Rde2 Rbe8 36. Kf1 Rb8 37. g5 Kh8 38. gxf6 gxf6 39. Qh4 Rf7 40. Rg2 Bb7 41. Re3 a5 42. Rf3 Re8 43. Nf4 Bxf4 44. Rxf4 Bc8 45. Rfg4 Bd7 46. Qh6 Qe7 47. Re2 Qf8 48. Rxe8 Qxe8 49. Rg2 Qe4 50. Re2 Qh1+ 51. Kf2 Rg7 52. Qxf6 Qg1+ 0-1

[Event "Sentjur Ipavec Memorial 13th"]
[Site "Sentjur"]
[Date "2013.09.11"]
[Round "1"]
[White "Brinovec, Dusan"]
[Black "Nikolic, Stanko"]
[Result "1-0"]
[WhiteElo "2233"]
[BlackElo "1888"]
[PlyCount "57"]
[EventDate "2013.09.11"]
[EventType "swiss"]
[EventRounds "9"]
[EventCountry "SLO"]
[SourceTitle "EXT 2015"]
[Source "ChessBase"]
[SourceDate "2014.11.20"]
[SourceVersion "1"]
[SourceVersionDate "2014.11.20"]
[SourceQuality "1"]

1. e4 c5 2. c3 d6 3. d4 Nf6 4. dxc5 Nc6 5. Bc4 dxc5 6. Qxd8+ Nxd8 7. e5 Nd7 8. f4 e6 9. Nf3 a6 10. a4 b6 11. Be3 Bb7 12. Nbd2 Be7 13. 0-0 Nc6 14. f5 Ndxe5 15. fxe6 f6 16. Bd5 0-0-0 17. Nc4 Nxc4 18. Bxc4 Na5 19. Be2 g5 20. b4 Nc6 21. a5 b5 22. bxc5 h5 23. Nd4 Bxc5 24. Rxf6 Nxd4 25. cxd4 Bxd4 26. Rc1+ Kb8 27. Bxd4 Rxd4 28. e7 Rf4 29. Rd6 1-0

[Event "SLO-ch 23rd"]
[Site "Sentjur"]
[Date "2013.04.10"]
[Round "5"]
[White "Volcansek, Joze"]
[Black "Nikolic, Stanko"]
[Result "1-0"]
[WhiteElo "1669"]
[BlackElo "1898"]
[PlyCount "77"]
[EventDate "2013.04.06"]
[EventType "swiss"]
[EventRounds "9"]
[EventCountry "SLO"]
[SourceTitle "CBM 153 Extra"]
[Source "ChessBase"]
[SourceDate "2013.04.22"]
[SourceVersion "1"]
[SourceVersionDate "2013.04.22"]
[SourceQuality "1"]

1. Nf3 d5 2. c4 e6 3. b3 Nf6 4. Bb2 Be7 5. e3 Nbd7 6. d4 c6 7. Bd3 0-0 8. 0-0 b6 9. Ne5 Nxe5 10. dxe5 Nd7 11. Nd2 Bb7 12. f4 g6 13. Nf3 c5 14. Qe1 a5 15. a4 Qc7 16. Rd1 Rfe8 17. Qg3 Bf8 18. Rd2 Bg7 19. Qh4 Qd8 20. Qg3 Qe7 21. h4 Rad8 22. Rfd1 Nf8 23. Qg5 h5 24. cxd5 Qxg5 25. hxg5 exd5 26. Be4 Ne6 27. Bxd5 Bxd5 28. Rxd5 Rxd5 29. Rxd5 Bf8 30. Nd2 Rb8 31. Bc3 b5 32. g3 b4 33. Bb2 Be7 34. Nc4 Bd8 35. Rd7 Bc7 36. e4 Kf8 37. f5 Nxg5 38. Rxc7 Nxe4 39. Nd6 1-0

[Event "SLO-ch 23rd"]
[Site "Sentjur"]
[Date "2013.04.08"]
[Round "3"]
[White "Opalic, David"]
[Black "Nikolic, Stanko"]
[Result "0-1"]
[WhiteElo "1683"]
[BlackElo "1898"]
[PlyCount "64"]
[EventDate "2013.04.06"]
[EventType "swiss"]
[EventRounds "9"]
[EventCountry "SLO"]
[SourceTitle "CBM 153 Extra"]
[Source "ChessBase"]
[SourceDate "2013.04.22"]
[SourceVersion "1"]
[SourceVersionDate "2013.04.22"]
[SourceQuality "1"]

1. e4 c5 2. c3 d6 3. d4 Nf6 4. Bd3 Nc6 5. Nf3 Qc7 6. d5 Nb8 7. 0-0 Nbd7 8. Qa4 g6 9. Bf4 Nh5 10. Bg5 h6 11. Be3 Bg7 12. Nbd2 0-0 13. h3 a6 14. Nh2 Rb8 15. Be2 b5 16. Qc2 Nhf6 17. f4 Nb6 18. Kh1 Nh7 19. g4 f5 20. Bd3 c4 21. Be2 Nf6 22. g5 hxg5 23. fxg5 Nxe4 24. Nxe4 Nxd5 25. Bd4 Bxd4 26. cxd4 Ne3 27. Qb1 Nxf1 28. Ng4 Bb7 29. Nh6+ Kg7 30. Qxf1 fxe4 31. Qg1 e3+ 32. Kh2 Rf2+ 0-1

[Event "SLO-ch 23rd"]
[Site "Sentjur"]
[Date "2013.04.07"]
[Round "2"]
[White "Nikolic, Stanko"]
[Black "Bajc, Aleksander"]
[Result "1/2-1/2"]
[WhiteElo "1898"]
[BlackElo "1587"]
[PlyCount "136"]
[EventDate "2013.04.06"]
[EventType "swiss"]
[EventRounds "9"]
[EventCountry "SLO"]
[SourceTitle "CBM 153 Extra"]
[Source "ChessBase"]
[SourceDate "2013.04.22"]
[SourceVersion "1"]
[SourceVersionDate "2013.04.22"]
[SourceQuality "1"]

1. e4 c6 2. d4 d5 3. exd5 cxd5 4. Bd3 Nc6 5. c3 Nf6 6. Nf3 Bg4 7. h3 Bh5 8. 0-0 e6 9. Re1 Be7 10. Nbd2 0-0 11. Nf1 Bd6 12. Bg5 a6 13. a4 Rb8 14. Bh4 b5 15. b4 Qc7 16. Ng3 Bg6 17. Bxg6 hxg6 18. Ng5 Rfe8 19. Qd3 Qd7 20. axb5 axb5 21. Nf3 Qc7 22. Ra6 Rec8 23. Rea1 Bxb4 24. Rxc6 Qxc6 25. cxb4 Qd6 26. Rb1 Rc4 27. Ne2 Rbc8 28. Bg3 Qe7 29. Qb3 Ne4 30. Bf4 Qf6 31. Ne5 Rc2 32. Ng4 Qe7 33. Qd3 R2c4 34. f3 Nd6 35. Ne5 R4c7 36. Ng4 Rc4 37. Ne5 R4c7 38. Ng4 Rc4 39. Bd2 Qa7 40. Ne5 R4c7 41. Kh2 Qb6 42. Rb2 Nf5 43. Ra2 Nd6 44. Nc3 Nc4 45. Be1 Nxe5 46. dxe5 Rc4 47. Ne2 Qc7 48. f4 g5 49. g3 Qb6 50. Kg2 Qb7 51. Qf3 Qe7 52. Qd3 Qb7 53. Nd4 Qb6 54. Bf2 Rxb4 55. Nf5 Qc7 56. Nd6 Rf8 57. Ra7 Qc1 58. f5 Rb1 59. g4 Qh1+ 60. Kg3 Rg1+ 61. Bxg1 Qxg1+ 62. Kf3 Qh1+ 63. Kf2 Qh2+ 64. Kf1 Qh1+ 65. Kf2 Qh2+ 66. Kf1 Qh1+ 67. Kf2 Qh2+ 68. Kf1 Qh1+ 1/2-1/2

[Event "Ptuj op 7th"]
[Site "Ptuj"]
[Date "2012.12.27"]
[Round "7"]
[White "Tolic, Mato"]
[Black "Nikolic, Stanko"]
[Result "0-1"]
[WhiteElo "1976"]
[BlackElo "1907"]
[PlyCount "70"]
[EventDate "2012.12.22"]
[EventType "swiss"]
[EventRounds "9"]
[EventCountry "SLO"]
[SourceTitle "CBM 152 Extra"]
[Source "ChessBase"]
[SourceDate "2013.02.25"]
[SourceVersion "1"]
[SourceVersionDate "2013.02.25"]
[SourceQuality "1"]

1. e4 c5 2. Nf3 Nc6 3. d4 cxd4 4. Nxd4 e5 5. Nb5 a6 6. N5a3 Nf6 7. f3 d5 8. exd5 Nxd5 9. c4 Bb4+ 10. Bd2 Ne3 11. Qe2 Bxd2+ 12. Nxd2 Nxf1 13. Rxf1 Bf5 14. Qe3 0-0 15. Kf2 Re8 16. Ne4 Qc7 17. c5 Bxe4 18. Qxe4 Rad8 19. Rfd1 Nd4 20. b4 f5 21. Qd3 Kh8 22. Nc4 e4 23. Qc3 Nb5 24. Rxd8 Qxd8 25. Qb2 exf3 26. Ne5 Qh4+ 27. Kg1 fxg2 28. Rd1 Qf4 29. a4 Qe3+ 30. Kxg2 Nc3 31. Rd3 Qe4+ 32. Kf2 Qxd3 33. Nxd3 Nd1+ 34. Kf3 Nxb2 35. Nxb2 g5 0-1

[Event "Ptuj op 7th"]
[Site "Ptuj"]
[Date "2012.12.25"]
[Round "5"]
[White "Nikolic, Stanko"]
[Black "Suta, Andraz"]
[Result "0-1"]
[WhiteElo "1907"]
[BlackElo "1776"]
[PlyCount "62"]
[EventDate "2012.12.22"]
[EventType "swiss"]
[EventRounds "9"]
[EventCountry "SLO"]
[SourceTitle "CBM 152 Extra"]
[Source "ChessBase"]
[SourceDate "2013.02.25"]
[SourceVersion "1"]
[SourceVersionDate "2013.02.25"]
[SourceQuality "1"]

1. e4 e5 2. Nf3 Nc6 3. Bb5 Nd4 4. Bc4 c6 5. 0-0 d5 6. exd5 Bg4 7. Be2 Bxf3 8. Bxf3 cxd5 9. Re1 e4 10. d3 Qc7 11. c3 Nxf3+ 12. Qxf3 Nf6 13. Nd2 0-0-0 14. dxe4 Bd6 15. g3 Rhe8 16. Qf5+ Kb8 17. f3 Bxg3 18. hxg3 Qxg3+ 19. Kf1 Re5 20. Qxe5+ Qxe5 21. Nb3 Qh2 22. e5 Nh5 23. Re3 Ng3+ 24. Ke1 Qg1+ 25. Kd2 Nf1+ 26. Kd3 Qg6+ 27. Kd4 Rc8 28. Nc5 Rxc5 29. Kxc5 Nxe3 30. Bxe3 Qb6+ 31. Kxd5 Qxe3 0-1